The land of Britain : (Record no. 50977)
[ view plain ]
| 000 -LEADER | |
|---|---|
| fixed length control field | 01021nam a2200265 a 4500 |
| 001 - CONTROL NUMBER | |
| control field | 50977 |
| 003 - CONTROL NUMBER IDENTIFIER | |
| rucl marc code | BD-RjUL |
| 005 - DATE AND TIME OF LATEST TRANSACTION | |
| control field | 20211209075607.0 |
| 008 - FIXED-LENGTH DATA ELEMENTS--GENERAL INFORMATION | |
| fixed length control field | 190401s1950 enka 000 0 eng d |
| 035 ## - SYSTEM CONTROL NUMBER | |
| System control number | (BD-RjUL)51097 |
| 040 ## - CATALOGING SOURCE | |
| Original cataloging agency | BD-RjUL |
| Language of cataloging | eng |
| Transcribing agency | BD-RjUL |
| 041 ## - LANGUAGE CODE | |
| Language code of text/sound track or separate title | eng |
| 043 ## - GEOGRAPHIC AREA CODE | |
| Geographic area code | e-uk-ui |
| 082 ## - DEWEY DECIMAL CLASSIFICATION NUMBER | |
| Edition number | 23 |
| Classification number | 333.70942 |
| Author mark and year | LAN 1950 |
| 245 04 - TITLE STATEMENT | |
| Title | The land of Britain : |
| Remainder of title | the report of the Land Utilisation Survey of Britain. |
| Statement of responsibility, etc. | edited by L. Dudley Stamp |
| 246 ## - VARYING FORM OF TITLE | |
| Title proper/short title | The Channel Islands / by G. Dury |
| 260 ## - PUBLICATION, DISTRIBUTION, ETC. (IMPRINT) | |
| Place of publication, distribution, etc. | London : |
| Name of publisher, distributor, etc. | Geographical Publications Ltd, |
| Date of publication, distribution, etc. | 1950 |
| 300 ## - PHYSICAL DESCRIPTION | |
| Pagination | 54 p. : |
| Illustrations | Ill. ; |
| Size | 28 cm |
| 500 ## - GENERAL NOTE | |
| General note | "This report is additional to the original plan of the Land Utilisation Survey of Britain and is therefore published outside the intended nine volumes." |
| 650 #0 - SUBJECT ADDED ENTRY--TOPICAL TERM | |
| Topical term or geographic name as entry element | Land use |
| Geographic subdivision | Great Britain |
| 9 (RLIN) | 229913 |
| 651 #0 - SUBJECT ADDED ENTRY--GEOGRAPHIC NAME | |
| Geographic name | Channel Islands |
| 9 (RLIN) | 229914 |
| 700 1# - ADDED ENTRY--PERSONAL NAME | |
| Personal name | Stamp, L. Dudley |
| Fuller form of name | (Laurence Dudley), |
| Dates associated with a name | 1898-1966. , ed. |
| Personal name | Dury, G. H. |
| Fuller form of name | (George Harry), |
| Dates associated with a name | 1916- |
| 942 ## - ADDED ENTRY ELEMENTS (KOHA) | |
| Source of classification or shelving scheme | Dewey Decimal Classification |
| Koha item type | Rare Books |
| Lost status | Source of classification or shelving scheme | Damaged status | Not for loan | Collection code | Permanent Location | Current Location | Shelving location | Date acquired | Source of acquisition | Total Checkouts | Full call number | Date last seen | Copy number | Koha item type |
|---|---|---|---|---|---|---|---|---|---|---|---|---|---|---|
| Dewey Decimal Classification | Not For Loan | Rare Books | Central Library, University of Rajshahi | Central Library, University of Rajshahi | Rare Book Section | 04/02/1964 | Zeitlinger | RA 333.70942 LAN 1950 | 01/04/2019 | C-1 | Rare Books |